Statistics for Most Famous Chocolate Brands

Click here to take the quiz!

General Stats

  • This quiz has been taken 233 times
    (202 since last reset)
  • The average score is 5 of 15

Answer Stats

RankAnswer% Correct
#6Cadbury
66%
#10Nestle
60%
#11Mars
57%
#4Hershey's
55%
#2Lindt
51%
#12Milka
34%
#5Toblerone
34%
#1Ferrero
33%
#9Godiva
23%
#3Ghirardelli
14%
#7Guylian
11%
#8Patchi
8%
#14Taza
6%
#13Theo
6%
#15Green & Black's
4%

Score Distribution

Percentile by Number Answered

Percent of People with Each Score

Your Score History

You have not taken this quiz since the last reset